|
|
|
|
| LEADER |
01538nam a2200373Ia 4500 |
| 001 |
EBC310717 |
| 003 |
MiAaPQ |
| 005 |
20200520144314.0 |
| 006 |
m o d | |
| 007 |
cr cn||||||||| |
| 008 |
050419s2005 mnuab sb 001 0 eng d |
| 010 |
|
|
|z 2005010867
|
| 015 |
|
|
|a GBA520852
|2 bnb
|
| 020 |
|
|
|z 0816643695 (hbk.) :
|
| 020 |
|
|
|z 0816643709 (pbk.) :
|
| 035 |
|
|
|a (MiAaPQ)EBC310717
|
| 035 |
|
|
|a (Au-PeEL)EBL310717
|
| 035 |
|
|
|a (CaPaEBR)ebr10151249
|
| 035 |
|
|
|a (CaONFJC)MIL523188
|
| 035 |
|
|
|a (OCoLC)476095855
|
| 040 |
|
|
|a MiAaPQ
|c MiAaPQ
|d MiAaPQ
|
| 050 |
|
4 |
|a HD7288.78.U52
|b L76 2005
|
| 082 |
0 |
4 |
|a 363.5850979494
|2 22
|
| 100 |
1 |
|
|a Parson, Donald Craig.
|
| 245 |
1 |
0 |
|a Making a better world
|h [electronic resource] :
|b public housing, the Red scare, and the direction of modern Los Angeles /
|c Don Parson ; foreword by Kevin Starr.
|
| 260 |
|
|
|a Minneapolis, Minn. :
|b University of Minnesota Press ;
|a [Bristol :
|b University Presses Marketing, distributor],
|c c2005.
|
| 300 |
|
|
|a xx, 289 p. :
|b ill., maps.
|
| 504 |
|
|
|a Includes bibliographical references (p. 213-266) and index.
|
| 533 |
|
|
|a Electronic reproduction. Ann Arbor, MI : ProQuest, 2015. Available via World Wide Web. Access may be limited to ProQuest affiliated libraries.
|
| 650 |
|
0 |
|a Public housing
|z California
|z Los Angeles
|x History.
|
| 651 |
|
0 |
|a Los Angeles (Calif.)
|x History.
|
| 655 |
|
4 |
|a Electronic books.
|
| 710 |
2 |
|
|a ProQuest (Firm)
|
| 856 |
4 |
0 |
|u https://ebookcentral.proquest.com/lib/matrademy/detail.action?docID=310717
|z Click to View
|